Представление документа в формате RUSMARC

ПолеНазваниеЗначение
  Тип записи a
  Библиографический уровень m
001 Контрольный номер RU/SLIB/B/208754820
005 Дата корректировки 20201206204148.2
010 Индекс ISBN __
d Цена 0-30
101 Язык документа __
a Язык текста rus
200 Заглавие и сведения об ответственности __
a Заглавие Елена Образцова: Творческий портрет
f Первые сведения об ответственности Тимохин В. В.
b Общее обозначение материала Текст
210 Выходные данные __
a Место издания М.
c Издательство Музыка
d Дата издания 1988
215 Физическое описание __
a Объем 30 с.
600 Персоналии __
a Персоналии (Фамилия) Образцова, Е. В.
606 Тематические рубрики __
a Основная рубрика Музыка и зрелищные искусства
y Географическая подрубрика СССР; Россия
606 Тематические рубрики __
a Основная рубрика Оперный театр
610 Ключевые слова __
a Ключевые слова певицы; музыкальное творчество; персоналии; оперная музыка; оперные певицы; биографии; русская опера; советская опера; музыкальное творчество
686 Индексы других классификаций __
a Классификационный индекс 85.335.41(2)-8
700 Автор __
a Фамилия Тимохин
b Имя В. В.
4 Код отношения 070
801 Источник записи _0
a Страна RU
b Организация Муниципальное бюджетное учреждение культуры "Централизованная библиотечная система" г. Сургут (Центральная городская библиотека им. А. С. Пушкина)
g Правила каталогизации КиК/Уланова
801 Источник записи _1
a Страна RU
b Организация Муниципальное бюджетное учреждение культуры "Централизованная библиотечная система" г. Сургут (Центральная городская библиотека им. А. С. Пушкина)
g Правила каталогизации КиК/Уланова
852 Данные о местонахождении __
j Шифр хранения 85.335.41(2)-8
c Каталожный индекс 85.335.41(2)-8
i Авторский знак Т 41
p Инвентарный номер Б/Н
901 Тип документа __
t Тип документа m
990 Данные о заказе (DOS) __
j Количество экземпляров (DOS) 1